[Event "Gladiators May 18th"]
[Site "Chess.com INT"]
[Date "2020.05.18"]
[Round "2"]
[White "Ponomariov, Ruslan"]
[Black "Efimenko, Zahar"]
[Result "0-1"]
[WhiteElo "2631"]
[BlackElo "2602"]
[PlyCount "74"]
[EventDate "2020.05.18"]
[EventType "match (blitz)"]
[EventRounds "10"]
[EventCountry "UKR"]
[SourceTitle "CBM 196 Extra"]
[Source "ChessBase"]
[SourceDate "2020.07.31"]
[SourceVersion "1"]
[SourceVersionDate "2020.07.31"]
[SourceQuality "1"]

1. e4 d6 2. Nc3 g6 3. f4 Bg7 4. Nf3 c5 5. Bc4 e6 6. O-O Ne7 7. d3 Nbc6 8. f5
gxf5 9. Bg5 h6 10. Bh4 Qb6 11. Rb1 a6 12. Kh1 Bd7 13. Qe1 f4 14. g3 fxg3 15.
Bxg3 Nd4 16. Nxd4 cxd4 17. Ne2 Ng6 18. Nf4 Nxf4 19. Bxf4 O-O-O 20. Rg1 Be5 21.
Bxe5 dxe5 22. Qg3 Qc7 23. Qg7 f5 24. Rg6 fxe4 25. Bxe6 Bxe6 26. Qxc7+ Kxc7 27.
Rxe6 e3 28. Rxe5 Rhf8 29. c3 Rf2 30. cxd4 e2 31. Rc1+ Kd6 32. Rg1 Rdf8 33. b4
R8f4 34. Rg6+ Kc7 35. Rge6 Rh4 36. Kg1 Rhxh2 37. d5 Rfg2# 0-1

[Event "Gladiators May 18th"]
[Site "Chess.com INT"]
[Date "2020.05.18"]
[Round "3"]
[White "Efimenko, Zahar"]
[Black "Ponomariov, Ruslan"]
[Result "0-1"]
[WhiteElo "2602"]
[BlackElo "2631"]
[PlyCount "52"]
[EventDate "2020.05.18"]
[EventType "match (blitz)"]
[EventRounds "10"]
[EventCountry "UKR"]
[SourceTitle "CBM 196 Extra"]
[Source "ChessBase"]
[SourceDate "2020.07.31"]
[SourceVersion "1"]
[SourceVersionDate "2020.07.31"]
[SourceQuality "1"]

1. e4 d5 2. exd5 Qxd5 3. Nc3 Qa5 4. Bc4 Nf6 5. d3 c6 6. Bd2 Qc7 7. Qe2 Bf5 8.
Nf3 Nbd7 9. h3 e6 10. Nd4 Bg6 11. Bxe6 O-O-O 12. Bxd7+ Qxd7 13. Nf3 Re8 14. Be3
Bb4 15. O-O Bh5 16. a3 Bxc3 17. bxc3 g5 18. d4 Rhg8 19. g4 Nxg4 20. hxg4 Qxg4+
21. Kh2 Qxf3 22. Qxf3 Bxf3 23. c4 f5 24. Rfe1 f4 25. Bd2 Rxe1 26. Rxe1 Rg6 0-1

[Event "Gladiators May 18th"]
[Site "Chess.com INT"]
[Date "2020.05.18"]
[Round "4"]
[White "Ponomariov, Ruslan"]
[Black "Efimenko, Zahar"]
[Result "1-0"]
[WhiteElo "2631"]
[BlackElo "2602"]
[PlyCount "91"]
[EventDate "2020.05.18"]
[EventType "match (blitz)"]
[EventRounds "10"]
[EventCountry "UKR"]
[SourceTitle "CBM 196 Extra"]
[Source "ChessBase"]
[SourceDate "2020.07.31"]
[SourceVersion "1"]
[SourceVersionDate "2020.07.31"]
[SourceQuality "1"]

1. b3 Nf6 2. Bb2 g6 3. e4 d6 4. Nc3 Bg7 5. Qe2 c5 6. f4 Nc6 7. Nf3 Bg4 8. O-O-O
O-O 9. Kb1 Nd4 10. Qf2 Bxf3 11. gxf3 Qa5 12. f5 b5 13. h4 b4 14. Na4 Qc7 15. h5
Nxh5 16. Bc4 e6 17. c3 d5 18. exd5 exd5 19. Bxd5 Rad8 20. fxg6 Rxd5 21. gxh7+
Kh8 22. cxd4 cxd4 23. Rc1 Qe5 24. Qh4 Qf5+ 25. Ka1 Nf4 26. Qe7 a5 27. Nb6 Ng6
28. Qc7 Rdd8 29. Nc4 Qxf3 30. Rcf1 Qd5 31. Qxa5 Qxa5 32. Nxa5 Rd6 33. Nc4 Rd5
34. Kb1 f5 35. Rh5 Ne7 36. d3 Rf6 37. Bc1 Rf7 38. Bf4 Ng6 39. Bd6 Ne7 40. Bxb4
f4 41. Rh3 Nc6 42. Bd2 Rdf5 43. Nd6 Ne5 44. Nxf7+ Rxf7 45. Rxf4 Rd7 46. Re4 1-0

[Event "Gladiators May 18th"]
[Site "Chess.com INT"]
[Date "2020.05.18"]
[Round "5"]
[White "Efimenko, Zahar"]
[Black "Ponomariov, Ruslan"]
[Result "1/2-1/2"]
[WhiteElo "2602"]
[BlackElo "2631"]
[PlyCount "110"]
[EventDate "2020.05.18"]
[EventType "match (blitz)"]
[EventRounds "10"]
[EventCountry "UKR"]
[SourceTitle "CBM 196 Extra"]
[Source "ChessBase"]
[SourceDate "2020.07.31"]
[SourceVersion "1"]
[SourceVersionDate "2020.07.31"]
[SourceQuality "1"]

1. Nf3 Nf6 2. g3 b5 3. Na3 a6 4. c4 e6 5. cxb5 Bxa3 6. bxa3 axb5 7. Bg2 Bb7 8.
O-O O-O 9. Rb1 Bc6 10. d3 Na6 11. e4 Nc5 12. Nd4 Na4 13. Bd2 Rb8 14. Qc2 Rb6
15. h3 e5 16. Nf5 d6 17. Rbc1 Nd7 18. d4 exd4 19. Nxd4 Nac5 20. Nxc6 Rxc6 21.
e5 Ra6 22. exd6 cxd6 23. Bf4 Qf6 24. Rfd1 Ne5 25. Qc3 Nc4 26. Qxf6 gxf6 27. Bf1
Ne5 28. Bxb5 Rxa3 29. Rxd6 Ne4 30. Ra6 Rxa6 31. Bxa6 Ra8 32. Rc8+ Rxc8 33. Bxc8
Nc3 34. Bxe5 fxe5 35. a3 Kf8 36. Kg2 Ke7 37. Kf3 Kd6 38. Kg4 Nd1 39. f4 e4 40.
Bb7 Ne3+ 41. Kg5 Nd5 42. Kg4 Kc5 43. f5 Nc3 44. Kf4 Kd4 45. a4 e3 46. Bf3 Nxa4
47. Kg5 Ke5 48. g4 Nc3 49. h4 e2 50. Bxe2 Nxe2 51. Kh6 Kf4 52. Kxh7 Kxg4 53.
Kg7 Kxf5 54. Kxf7 Kg4 55. h5 Kxh5 1/2-1/2

[Event "Gladiators May 18th"]
[Site "Chess.com INT"]
[Date "2020.05.18"]
[Round "6"]
[White "Ponomariov, Ruslan"]
[Black "Efimenko, Zahar"]
[Result "1-0"]
[WhiteElo "2631"]
[BlackElo "2602"]
[PlyCount "65"]
[EventDate "2020.05.18"]
[EventType "match (blitz)"]
[EventRounds "10"]
[EventCountry "UKR"]
[SourceTitle "CBM 196 Extra"]
[Source "ChessBase"]
[SourceDate "2020.07.31"]
[SourceVersion "1"]
[SourceVersionDate "2020.07.31"]
[SourceQuality "1"]

1. b4 Nf6 2. Bb2 g6 3. g4 Bg7 4. g5 Nh5 5. Bxg7 Nxg7 6. Nf3 d5 7. Qc1 O-O 8.
Qb2 a5 9. b5 c5 10. Bg2 Nd7 11. d3 d4 12. Nbd2 Nb6 13. Ne4 Qc7 14. h4 Be6 15.
c4 dxc3 16. Qxc3 c4 17. Rc1 Rfc8 18. O-O Qd8 19. d4 Nd5 20. Qd2 a4 21. Nc5 c3
22. Qd1 b6 23. Nxe6 Nxe6 24. Ne5 Nef4 25. Bf3 f6 26. Nc6 Qd7 27. e3 Ne6 28.
Bxd5 Kg7 29. Bg2 fxg5 30. hxg5 Nxg5 31. Rxc3 Rf8 32. f4 Nh3+ 33. Kh2 1-0

[Event "Gladiators May 18th"]
[Site "Chess.com INT"]
[Date "2020.05.18"]
[Round "7"]
[White "Efimenko, Zahar"]
[Black "Ponomariov, Ruslan"]
[Result "1-0"]
[WhiteElo "2602"]
[BlackElo "2631"]
[PlyCount "27"]
[EventDate "2020.05.18"]
[EventType "match (blitz)"]
[EventRounds "10"]
[EventCountry "UKR"]
[SourceTitle "CBM 196 Extra"]
[Source "ChessBase"]
[SourceDate "2020.07.31"]
[SourceVersion "1"]
[SourceVersionDate "2020.07.31"]
[SourceQuality "1"]

1. Nf3 g6 2. g3 Bg7 3. d4 c6 4. Bg2 d5 5. O-O Bg4 6. c4 Bxf3 7. Bxf3 Nf6 8. Nc3
O-O 9. Qb3 dxc4 10. Qxb7 Nbd7 11. Qxc6 Nb6 12. Qb5 Rc8 13. Rd1 Qxd4 14. Rxd4
1-0

[Event "Gladiators May 18th"]
[Site "Chess.com INT"]
[Date "2020.05.18"]
[Round "8"]
[White "Ponomariov, Ruslan"]
[Black "Efimenko, Zahar"]
[Result "1/2-1/2"]
[WhiteElo "2631"]
[BlackElo "2602"]
[PlyCount "95"]
[EventDate "2020.05.18"]
[EventType "match (blitz)"]
[EventRounds "10"]
[EventCountry "UKR"]
[SourceTitle "CBM 196 Extra"]
[Source "ChessBase"]
[SourceDate "2020.07.31"]
[SourceVersion "1"]
[SourceVersionDate "2020.07.31"]
[SourceQuality "1"]

1. Nf3 Nf6 2. g3 g6 3. Bg2 Bg7 4. O-O O-O 5. d3 d5 6. c4 c5 7. Nc3 d4 8. Na4
Qc7 9. Bf4 Qa5 10. Bd2 Qc7 11. b4 cxb4 12. Bxb4 Nc6 13. Ba3 Re8 14. Nc5 h6 15.
Rb1 b6 16. Nb3 e5 17. e3 dxe3 18. fxe3 Bb7 19. Nfd2 Rad8 20. Qe2 Qd7 21. Rxf6
Bxf6 22. Ne4 Be7 23. Bxe7 Qxe7 24. Rf1 f5 25. Nc3 Nb4 26. Bxb7 Qxb7 27. Rd1 e4
28. d4 Nd3 29. Nd5 Kg7 30. Nc1 Nxc1 31. Rxc1 Qc6 32. Nf4 Rd7 33. d5 Qd6 34. g4
Rf7 35. Rf1 Kh7 36. h4 fxg4 37. Qxg4 Re5 38. Ne6 Rxf1+ 39. Kxf1 Rf5+ 40. Kg1
Qe5 41. Nd4 Rf7 42. Kg2 Qf6 43. Qxe4 Qf1+ 44. Kg3 Qg1+ 45. Kh3 Qf1+ 46. Kg3
Qf2+ 47. Kh3 Qf1+ 48. Kg3 1/2-1/2

[Event "Gladiators May 18th"]
[Site "Chess.com INT"]
[Date "2020.05.18"]
[Round "9"]
[White "Efimenko, Zahar"]
[Black "Ponomariov, Ruslan"]
[Result "1/2-1/2"]
[WhiteElo "2602"]
[BlackElo "2631"]
[PlyCount "142"]
[EventDate "2020.05.18"]
[EventType "match (blitz)"]
[EventRounds "10"]
[EventCountry "UKR"]
[SourceTitle "CBM 196 Extra"]
[Source "ChessBase"]
[SourceDate "2020.07.31"]
[SourceVersion "1"]
[SourceVersionDate "2020.07.31"]
[SourceQuality "1"]

1. e4 d5 2. exd5 Qxd5 3. Nc3 Qa5 4. Bc4 c6 5. d3 Nf6 6. Bd2 Qc7 7. Qe2 Bg4 8.
f3 Bd7 9. O-O-O e6 10. f4 b5 11. Bb3 a5 12. a4 Na6 13. Nf3 Nc5 14. Ne5 Nxb3+
15. cxb3 Nd5 16. f5 bxa4 17. Nxa4 Rb8 18. Rhe1 Bc8 19. d4 Rxb3 20. Qc4 Rb5 21.
g4 Bd6 22. g5 O-O 23. f6 Nb6 24. Nxb6 Qxb6 25. Bc3 Ba6 26. Qxc6 Qxc6 27. Nxc6
Rc8 28. d5 Rxd5 29. Rxd5 exd5 30. Ne7+ Bxe7 31. fxe7 Bb5 32. Kd2 a4 33. Re5 Bc6
34. Ke3 f6 35. gxf6 gxf6 36. Rh5 Kg7 37. Rf5 Kf7 38. Bxf6 Ke6 39. Rf4 Rb8 40.
Kd2 Rb3 41. h4 h5 42. Bg5 Rxb2+ 43. Kc3 Rb3+ 44. Kd2 a3 45. Rf6+ Kxe7 46. Rxc6+
Kd7 47. Ra6 d4 48. Kc2 Rc3+ 49. Kd2 Rb3 50. Ra4 Kc6 51. Rxd4 Kb5 52. Rd8 Rh3
53. Rb8+ Ka4 54. Ra8+ Kb3 55. Rb8+ Ka2 56. Be7 Rh2+ 57. Kd3 Rh3+ 58. Kd4 Rf3
59. Ra8 Kb2 60. Rxa3 Rxa3 61. Bxa3+ Kxa3 62. Ke5 Kb4 63. Kf5 Kc5 64. Kg5 Kd6
65. Kxh5 Ke7 66. Kg6 Kf8 67. Kh7 Kf7 68. h5 Kf8 69. h6 Kf7 70. Kh8 Kg6 71. h7
Kf7 1/2-1/2

[Event "Gladiators May 18th"]
[Site "Chess.com INT"]
[Date "2020.05.18"]
[Round "10"]
[White "Ponomariov, Ruslan"]
[Black "Efimenko, Zahar"]
[Result "1-0"]
[WhiteElo "2631"]
[BlackElo "2602"]
[PlyCount "93"]
[EventDate "2020.05.18"]
[EventType "match (blitz)"]
[EventRounds "10"]
[EventCountry "UKR"]
[SourceTitle "CBM 196 Extra"]
[Source "ChessBase"]
[SourceDate "2020.07.31"]
[SourceVersion "1"]
[SourceVersionDate "2020.07.31"]
[SourceQuality "1"]

1. e4 d6 2. Nc3 g6 3. g3 Bg7 4. Bg2 c5 5. Nge2 Nc6 6. O-O e6 7. d3 Nge7 8. Be3
Nd4 9. Qd2 O-O 10. Nd1 Bd7 11. c3 Nxe2+ 12. Qxe2 Rc8 13. f4 b5 14. Nf2 a5 15.
Rac1 b4 16. c4 Nc6 17. g4 Nd4 18. Qd1 f5 19. g5 Bc6 20. h4 e5 21. h5 Qd7 22.
hxg6 hxg6 23. Bxd4 cxd4 24. exf5 Rxf5 25. Bxc6 Qxc6 26. Ne4 Rcf8 27. Qg4 exf4
28. Qf3 Qd7 29. Rc2 Kf7 30. Rh2 Rh8 31. Rxh8 Bxh8 32. Kg2 Bg7 33. Rh1 d5 34.
cxd5 Qxd5 35. b3 a4 36. Rc1 axb3 37. Rc7+ Kf8 38. axb3 Qxb3 39. Rc8+ Ke7 40.
Rc7+ Kf8 41. Ng3 Qa2+ 42. Kh3 fxg3 43. Rc8+ Ke7 44. Qb7+ Ke6 45. Rc6+ Ke5 46.
Qc7+ Kd5 47. Qd6# 1-0

[Event "Gladiators May 18th"]
[Site "Chess.com INT"]
[Date "2020.05.18"]
[Round "11"]
[White "Efimenko, Zahar"]
[Black "Ponomariov, Ruslan"]
[Result "0-1"]
[WhiteElo "2602"]
[BlackElo "2631"]
[PlyCount "76"]
[EventDate "2020.05.18"]
[EventType "match (blitz)"]
[EventRounds "10"]
[EventCountry "UKR"]
[SourceTitle "CBM 196 Extra"]
[Source "ChessBase"]
[SourceDate "2020.07.31"]
[SourceVersion "1"]
[SourceVersionDate "2020.07.31"]
[SourceQuality "1"]

1. Nf3 Nf6 2. b3 g6 3. Bb2 Bg7 4. g3 O-O 5. Bg2 d6 6. d4 Nbd7 7. O-O a5 8. a4
c6 9. Na3 Qc7 10. Re1 Re8 11. e4 e5 12. dxe5 Nxe5 13. Nxe5 dxe5 14. Nc4 Bf8 15.
h3 b5 16. Ne3 Bb7 17. Qf3 Kg7 18. c4 b4 19. Rad1 Bc5 20. h4 h5 21. Bh3 Rad8 22.
Bg2 Bc8 23. Qe2 Bg4 24. Bf3 Be6 25. Rxd8 Rxd8 26. Rd1 Rxd1+ 27. Qxd1 Bxe3 28.
fxe3 Bg4 29. Kg2 Bxf3+ 30. Kxf3 Qe7 31. Qd3 Qe6 32. Kg2 Nd7 33. Qc2 Kf6 34.
Qf2+ Ke7 35. Qd2 Nc5 36. Qc2 f6 37. Bc1 Qg4 38. Bb2 Nxe4 0-1

[Event "Gladiators May 18th"]
[Site "Chess.com INT"]
[Date "2020.05.18"]
[Round "12"]
[White "Ponomariov, Ruslan"]
[Black "Efimenko, Zahar"]
[Result "1-0"]
[WhiteElo "2631"]
[BlackElo "2602"]
[PlyCount "95"]
[EventDate "2020.05.18"]
[EventType "match (blitz)"]
[EventRounds "10"]
[EventCountry "UKR"]
[SourceTitle "CBM 196 Extra"]
[Source "ChessBase"]
[SourceDate "2020.07.31"]
[SourceVersion "1"]
[SourceVersionDate "2020.07.31"]
[SourceQuality "1"]

1. b3 Nf6 2. Bb2 g6 3. Bxf6 exf6 4. e3 Bg7 5. c4 f5 6. Nc3 O-O 7. g3 d6 8. Bg2
c6 9. Nge2 a5 10. h4 Nd7 11. h5 Nf6 12. hxg6 hxg6 13. Qc2 Qe7 14. Nf4 Re8 15.
Kf1 Ne4 16. Rd1 Bd7 17. d4 Nxc3 18. Qxc3 a4 19. b4 a3 20. Bf3 Bf6 21. Kg2 Bg7
22. Qb3 g5 23. Nd3 g4 24. Be2 Qe4+ 25. Kg1 Bxd4 26. Nf4 Bg7 27. Rxd6 Be6 28.
Nxe6 Rxe6 29. Rd7 Rae8 30. c5 Qe5 31. Bc4 Qb2 32. Bxe6 Rxe6 33. Rd8+ Bf8 34.
Qxb2 axb2 35. Kg2 Re4 36. a3 Rc4 37. Rb1 Rc2 38. a4 Kg7 39. Rd3 Be7 40. Rb3 Bf6
41. b5 Rxc5 42. bxc6 bxc6 43. R1xb2 Bxb2 44. Rxb2 Ra5 45. Rb4 Kf6 46. Kf1 c5
47. Rf4 Ke5 48. Ke2 1-0

[Event "Gladiators May 18th"]
[Site "Chess.com INT"]
[Date "2020.05.18"]
[Round "13"]
[White "Efimenko, Zahar"]
[Black "Ponomariov, Ruslan"]
[Result "0-1"]
[WhiteElo "2602"]
[BlackElo "2631"]
[PlyCount "74"]
[EventDate "2020.05.18"]
[EventType "match (blitz)"]
[EventRounds "10"]
[EventCountry "UKR"]
[SourceTitle "CBM 196 Extra"]
[Source "ChessBase"]
[SourceDate "2020.07.31"]
[SourceVersion "1"]
[SourceVersionDate "2020.07.31"]
[SourceQuality "1"]

1. Nf3 d6 2. d4 g6 3. g3 Bh6 4. Bxh6 Nxh6 5. Bg2 O-O 6. O-O f5 7. c4 Nf7 8. Nc3
e5 9. e4 fxe4 10. Nxe4 Bf5 11. Re1 Nc6 12. d5 Ne7 13. Neg5 Nxg5 14. Nxg5 Qd7
15. Qd2 Rad8 16. f4 h6 17. Ne6 Bxe6 18. dxe6 Qxe6 19. fxe5 Qxc4 20. Qxh6 dxe5
21. Qg5 Qc5+ 22. Kh1 Rf5 23. Qg4 Rd2 24. Re2 Rf2 25. Rxd2 Rxd2 26. Rg1 Kg7 27.
b4 Qf2 28. Qe6 Qf6 29. Qc4 c6 30. a4 Nf5 31. Qc3 Rf2 32. b5 Nd4 33. Qe3 Re2 34.
Qd3 Qf2 35. bxc6 bxc6 36. Qa6 Nf3 37. Qb7+ Kh6 0-1

[Event "Gladiators May 18th"]
[Site "Chess.com INT"]
[Date "2020.05.18"]
[Round "14"]
[White "Ponomariov, Ruslan"]
[Black "Efimenko, Zahar"]
[Result "1-0"]
[WhiteElo "2631"]
[BlackElo "2602"]
[PlyCount "93"]
[EventDate "2020.05.18"]
[EventType "match (blitz)"]
[EventRounds "10"]
[EventCountry "UKR"]
[SourceTitle "CBM 196 Extra"]
[Source "ChessBase"]
[SourceDate "2020.07.31"]
[SourceVersion "1"]
[SourceVersionDate "2020.07.31"]
[SourceQuality "1"]

1. g3 Nf6 2. Bg2 g6 3. b3 Bg7 4. Bb2 O-O 5. Nf3 d6 6. d4 Nbd7 7. O-O c6 8. c4
Qc7 9. Re1 e5 10. e4 Re8 11. dxe5 dxe5 12. Nbd2 a5 13. Qc2 Nc5 14. a3 Nfd7 15.
b4 Ne6 16. c5 Nd4 17. Nxd4 exd4 18. Nc4 axb4 19. axb4 Rxa1 20. Bxa1 Nf8 21. Nd6
Re7 22. Qd2 Ne6 23. f4 b6 24. e5 bxc5 25. bxc5 Nxc5 26. Bxd4 Nb3 27. Qc3 Nxd4
28. Qxd4 Be6 29. Rc1 Qa5 30. h4 h5 31. Kh2 Qa3 32. Rc3 Qb2 33. Qd3 Bd5 34. Rc2
Qb6 35. Bxd5 cxd5 36. Qxd5 Qb1 37. Rc8+ Kh7 38. Nxf7 Qb2+ 39. Kh3 Qb1 40. Ng5+
Kh6 41. Qe4 Qf1+ 42. Qg2 Qd1 43. Rc2 Ra7 44. Qe2 Qh1+ 45. Qh2 Qd1 46. Qg2 Ra1
47. Nf3 1-0

[Event "Gladiators May 20th"]
[Site "Chess.com INT"]
[Date "2020.05.20"]
[Round "1"]
[White "Ponomariov, Ruslan"]
[Black "Baklan, Vladimir"]
[Result "0-1"]
[WhiteElo "2631"]
[BlackElo "2587"]
[PlyCount "52"]
[EventDate "2020.05.20"]
[EventType "match (blitz)"]
[EventRounds "10"]
[EventCountry "UKR"]
[SourceTitle "CBM 196 Extra"]
[Source "ChessBase"]
[SourceDate "2020.07.31"]
[SourceVersion "1"]
[SourceVersionDate "2020.07.31"]
[SourceQuality "1"]

1. c4 Nf6 2. Nc3 g6 3. e4 d6 4. d4 Bg7 5. Be2 O-O 6. g4 c5 7. d5 b5 8. cxb5 a6
9. g5 Nfd7 10. b6 Nxb6 11. h4 e6 12. h5 exd5 13. exd5 Re8 14. hxg6 hxg6 15. Be3
Bf5 16. Nf3 N8d7 17. Qd2 Ne5 18. Nxe5 Bxe5 19. Rh4 Rb8 20. Kf1 Nd7 21. Rc1 Rb4
22. Rxb4 cxb4 23. Na4 a5 24. Bf3 Kg7 25. Rc6 Qb8 26. Bd4 Qb5+ 0-1

[Event "Gladiators May 20th"]
[Site "Chess.com INT"]
[Date "2020.05.20"]
[Round "2"]
[White "Baklan, Vladimir"]
[Black "Ponomariov, Ruslan"]
[Result "1-0"]
[WhiteElo "2587"]
[BlackElo "2631"]
[PlyCount "29"]
[EventDate "2020.05.20"]
[EventType "match (blitz)"]
[EventRounds "10"]
[EventCountry "UKR"]
[SourceTitle "CBM 196 Extra"]
[Source "ChessBase"]
[SourceDate "2020.07.31"]
[SourceVersion "1"]
[SourceVersionDate "2020.07.31"]
[SourceQuality "1"]

1. e4 d5 2. exd5 Qxd5 3. Nc3 Qa5 4. d4 c6 5. Bd2 Nf6 6. Bc4 Bg4 7. f3 Bh5 8.
Nge2 Qc7 9. g4 Bg6 10. h4 h6 11. Nf4 Bh7 12. Qe2 Bg8 13. O-O-O e6 14. g5 Nfd7
15. g6 1-0

[Event "Gladiators May 20th"]
[Site "Chess.com INT"]
[Date "2020.05.20"]
[Round "3"]
[White "Ponomariov, Ruslan"]
[Black "Baklan, Vladimir"]
[Result "1-0"]
[WhiteElo "2631"]
[BlackElo "2587"]
[PlyCount "67"]
[EventDate "2020.05.20"]
[EventType "match (blitz)"]
[EventRounds "10"]
[EventCountry "UKR"]
[SourceTitle "CBM 196 Extra"]
[Source "ChessBase"]
[SourceDate "2020.07.31"]
[SourceVersion "1"]
[SourceVersionDate "2020.07.31"]
[SourceQuality "1"]

1. b3 Nf6 2. Bb2 g6 3. g4 h6 4. e3 Bg7 5. Bg2 d6 6. h3 e5 7. Nc3 O-O 8. Qe2 c6
9. O-O-O b5 10. f4 b4 11. Na4 exf4 12. exf4 Ba6 13. Qf2 Bb5 14. Ne2 Bxa4 15.
bxa4 Qa5 16. Kb1 Qxa4 17. g5 hxg5 18. fxg5 Nh5 19. Bxg7 Nxg7 20. Nd4 d5 21. h4
Nd7 22. h5 Ne5 23. d3 Rab8 24. Rde1 Ng4 25. Qf4 gxh5 26. Re7 Rb6 27. g6 Ra6 28.
gxf7+ Kh8 29. Qxg4 Qxa2+ 30. Kc1 Qa1+ 31. Kd2 Qxh1 32. Qg5 c5 33. Bxh1 cxd4 34.
Bxd5 1-0

[Event "Gladiators May 20th"]
[Site "Chess.com INT"]
[Date "2020.05.20"]
[Round "4"]
[White "Baklan, Vladimir"]
[Black "Ponomariov, Ruslan"]
[Result "0-1"]
[WhiteElo "2587"]
[BlackElo "2631"]
[PlyCount "48"]
[EventDate "2020.05.20"]
[EventType "match (blitz)"]
[EventRounds "10"]
[EventCountry "UKR"]
[SourceTitle "CBM 196 Extra"]
[Source "ChessBase"]
[SourceDate "2020.07.31"]
[SourceVersion "1"]
[SourceVersionDate "2020.07.31"]
[SourceQuality "1"]

1. e4 g6 2. d4 Bg7 3. Nc3 c6 4. f4 Qb6 5. Nf3 d6 6. Bc4 Nh6 7. h3 d5 8. exd5
Nf5 9. O-O O-O 10. Kh2 Nxd4 11. Qe1 Nxc2 12. Qh4 Nxa1 13. f5 Bxf5 14. Bh6 Nd7
15. Bxg7 Kxg7 16. Nd4 cxd5 17. Nxd5 Qd6+ 18. Kh1 e6 19. Nxf5+ exf5 20. Rxa1 Nf6
21. Ne3 Rad8 22. Rf1 Qe5 23. Qg5 Kh8 24. Qh6 Ne4 0-1

[Event "Gladiators May 20th"]
[Site "Chess.com INT"]
[Date "2020.05.20"]
[Round "5"]
[White "Ponomariov, Ruslan"]
[Black "Baklan, Vladimir"]
[Result "1/2-1/2"]
[WhiteElo "2631"]
[BlackElo "2587"]
[PlyCount "166"]
[EventDate "2020.05.20"]
[EventType "match (blitz)"]
[EventRounds "10"]
[EventCountry "UKR"]
[SourceTitle "CBM 196 Extra"]
[Source "ChessBase"]
[SourceDate "2020.07.31"]
[SourceVersion "1"]
[SourceVersionDate "2020.07.31"]
[SourceQuality "1"]

1. b4 Nf6 2. Bb2 c6 3. c4 a5 4. a3 axb4 5. axb4 Rxa1 6. Bxa1 Na6 7. b5 cxb5 8.
cxb5 Nc5 9. Nf3 d6 10. g3 e5 11. Bg2 Be7 12. O-O e4 13. Nd4 O-O 14. Nc3 d5 15.
d3 Qa5 16. Qb1 exd3 17. exd3 Rd8 18. Re1 Bf8 19. h3 Ne6 20. Nce2 Bb4 21. Rc1
Bd7 22. Nxe6 fxe6 23. Be5 Ne8 24. Nd4 Be7 25. Qb2 Ba3 26. Qa2 Ra8 27. Ra1 Bb4
28. Qxa5 Rxa5 29. Rb1 Bd6 30. f4 Bxe5 31. fxe5 Nc7 32. b6 Na6 33. Kf2 Ra3 34.
Ke3 Nc5 35. Bf1 Kf7 36. Be2 Ke7 37. h4 Ra6 38. Rc1 Na4 39. Rc7 Rxb6 40. Bg4 Kd8
41. Rc2 Ra6 42. h5 b5 43. h6 gxh6 44. Rh2 Nc5 45. Rxh6 Ra3 46. Be2 b4 47. Rxh7
b3 48. Rh1 b2 49. Rb1 Na4 50. Kd2 Ra1 51. Kc2 Ke7 52. Bg4 Bc8 53. Nb3 Ra3 54.
Be2 Ba6 55. g4 Kf7 56. Nd4 Ra1 57. g5 Kg6 58. Rxb2 Nxb2 59. Kxb2 Re1 60. Kc3
Bc8 61. Kd2 Ra1 62. Bg4 Ra6 63. Nf3 Ra4 64. Bh3 Rf4 65. Ke3 Ra4 66. d4 Ra1 67.
Bg4 Ra3+ 68. Kf4 Kf7 69. Bh5+ Kg7 70. g6 Ra1 71. Ng5 Rf1+ 72. Nf3 Ba6 73. Ke3
Rh1 74. Bg4 Bc8 75. Ng5 Rg1 76. Bxe6 Rxg5 77. Bxc8 Kxg6 78. Be6 Rg3+ 79. Ke2
Kg5 80. Bxd5 Kf4 81. Bc6 Re3+ 82. Kd2 Rxe5 83. dxe5 Kxe5 1/2-1/2

[Event "Gladiators May 20th"]
[Site "Chess.com INT"]
[Date "2020.05.20"]
[Round "6"]
[White "Baklan, Vladimir"]
[Black "Ponomariov, Ruslan"]
[Result "1/2-1/2"]
[WhiteElo "2587"]
[BlackElo "2631"]
[PlyCount "104"]
[EventDate "2020.05.20"]
[EventType "match (blitz)"]
[EventRounds "10"]
[EventCountry "UKR"]
[SourceTitle "CBM 196 Extra"]
[Source "ChessBase"]
[SourceDate "2020.07.31"]
[SourceVersion "1"]
[SourceVersionDate "2020.07.31"]
[SourceQuality "1"]

1. e4 Nc6 2. Nf3 Nf6 3. e5 Nd5 4. d4 d6 5. exd6 exd6 6. c4 Nb6 7. h3 Be7 8. Nc3
O-O 9. Bd3 Nb4 10. Bb1 c5 11. a3 cxd4 12. Nxd4 Nc6 13. Be3 g6 14. b3 Bg5 15.
O-O Bxe3 16. fxe3 Qg5 17. Qf3 Qe5 18. Qf4 Bd7 19. Ne4 Nxd4 20. Nf6+ Kg7 21.
exd4 Qxf4 22. Rxf4 Bf5 23. Bxf5 Kxf6 24. Be4+ Kg5 25. Raf1 d5 26. h4+ Kh6 27.
cxd5 f5 28. g4 Rad8 29. gxf5 Nxd5 30. Bxd5 Rxd5 31. fxg6 Rg8 32. Rg4 Rxg6 33.
Rxg6+ hxg6 34. Rf4 g5 35. hxg5+ Kxg5 36. Re4 Kf5 37. Rh4 Kg5 38. Rh7 Rxd4 39.
Rxb7 Rd3 40. Kf2 Kf4 41. Ke2 Rh3 42. Kd2 Ke4 43. Kc2 a5 44. a4 Kd4 45. Rc7 Rh2+
46. Kb1 Rh1+ 47. Kb2 Rh2+ 48. Ka3 Rh5 49. Rb7 Rc5 50. Rb5 Rxb5 51. axb5 Kc5 52.
Ka4 Kb6 1/2-1/2

[Event "Gladiators May 20th"]
[Site "Chess.com INT"]
[Date "2020.05.20"]
[Round "7"]
[White "Ponomariov, Ruslan"]
[Black "Baklan, Vladimir"]
[Result "1-0"]
[WhiteElo "2631"]
[BlackElo "2587"]
[PlyCount "99"]
[EventDate "2020.05.20"]
[EventType "match (blitz)"]
[EventRounds "10"]
[EventCountry "UKR"]
[SourceTitle "CBM 196 Extra"]
[Source "ChessBase"]
[SourceDate "2020.07.31"]
[SourceVersion "1"]
[SourceVersionDate "2020.07.31"]
[SourceQuality "1"]

1. Nc3 d5 2. d4 Nf6 3. Bf4 c6 4. e3 b5 5. Be2 g6 6. Nf3 Bg7 7. Ne5 b4 8. Na4
Nfd7 9. Nd3 O-O 10. O-O f6 11. Nxb4 e5 12. Bg3 f5 13. dxe5 Nxe5 14. Rc1 g5 15.
f4 gxf4 16. Bxf4 a5 17. Nd3 Ng6 18. Bg3 Qe7 19. Qd2 Nd7 20. c4 Nf6 21. Bf3 Ba6
22. cxd5 cxd5 23. Rfe1 Rad8 24. Rc7 Qe8 25. Nac5 Ne4 26. Qc2 Bxd3 27. Nxd3 Nxg3
28. hxg3 Rf7 29. Rxf7 Qxf7 30. Qb3 Kh8 31. Qb6 Re8 32. Qxa5 d4 33. e4 f4 34.
Qf5 Qxa2 35. gxf4 Rf8 36. Qg5 Qb3 37. Be2 Bf6 38. Qd5 Qc2 39. g3 Qd2 40. e5
Qe3+ 41. Kh2 Bg7 42. Qf3 Qd2 43. Rd1 Qc2 44. Qe4 Qa4 45. e6 Ne7 46. Rc1 Qa7 47.
Kh3 Nf5 48. Bg4 Ne3 49. e7 Rg8 50. e8=Q 1-0